[Event "Pontevedra op 11th"]
[Site "Pontevedra"]
[Date "2023.07.27"]
[Round "6"]
[White "Cabezas Ayala, Ivan"]
[Black "Domingo Nunez, Ruben"]
[Result "1-0"]
[WhiteElo "2252"]
[BlackElo "2412"]
[PlyCount "109"]
[EventDate "2023.07.24"]
[EventType "swiss"]
[EventRounds "9"]
[EventCountry "ESP"]
[SourceTitle "CBM 215 Extra"]
[Source "ChessBase"]
[SourceDate "2023.09.30"]
[SourceVersion "1"]
[SourceVersionDate "2023.09.30"]
[SourceQuality "1"]

1. e4 c5 2. Nf3 e6 3. d4 cxd4 4. Nxd4 Nc6 5. Nc3 Qc7 6. Be2 Nf6 7. Be3 a6 8. 0-0 Be7 9. f4 d6 10. a4 0-0 11. Kh1 Re8 12. Bf3 Bd7 13. Nb3 b6 14. g4 Bc8 15. g5 Nd7 16. Bg2 Rb8 17. Qe2 Na5 18. Nd4 Bf8 19. Rad1 Bb7 20. Rf3 g6 21. Qf2 e5 22. Nde2 d5 23. Nxd5 Qxc2 24. Nec3 Qxf2 25. Rxf2 Nc4 26. Bc1 Bc5 27. Rff1 Bd4 28. f5 Bxc3 29. Nxc3 Nc5 30. b4 Nb3 31. fxg6 hxg6 32. Rd7 Bc8 33. Rc7 Be6 34. Nd5 Bxd5 35. exd5 Nd6 36. Bb2 Nd2 37. Re1 N2c4 38. Bc1 Rbc8 39. Rc6 Nf5 40. Bf1 Nfd6 41. Bh3 Ra8 42. Bf1 b5 43. a5 Rec8 44. Bh3 Rxc6 45. dxc6 Nf5 46. Bg2 Rc8 47. Bd5 Nd4 48. Rf1 Nf5 49. Re1 Nd4 50. Rf1 Rc7 51. Rf6 Ne2 52. Bd2 Nxd2 53. Rxf7 Nc3 54. Rxc7+ Kf8 55. Rd7 1-0

[Event "Maia op 6th"]
[Site "Maia"]
[Date "2022.08.30"]
[Round "6"]
[White "Martinez Duany, Lelys Stanley"]
[Black "Cabezas Ayala, Ivan"]
[Result "1-0"]
[WhiteElo "2511"]
[BlackElo "2299"]
[PlyCount "97"]
[EventDate "2022.08.26"]
[EventType "swiss"]
[EventRounds "9"]
[EventCountry "POR"]
[SourceTitle "CBM 210 Extra"]
[Source "ChessBase"]
[SourceDate "2022.11.30"]
[SourceVersion "1"]
[SourceVersionDate "2022.11.30"]
[SourceQuality "1"]

1. e4 e5 2. Nf3 Nc6 3. Bb5 Nf6 4. d3 Bc5 5. Bxc6 dxc6 6. Nbd2 Be6 7. 0-0 Qd6 8. Nb3 Bb6 9. Qe2 Nd7 10. Ng5 Nf8 11. Be3 h6 12. Nxe6 Nxe6 13. a4 Rd8 14. Nd2 Nd4 15. Bxd4 Bxd4 16. Nc4 Qe6 17. Rfd1 0-0 18. c3 Bc5 19. b4 Be7 20. h3 b5 21. Ne3 a6 22. Qg4 Qxg4 23. Nxg4 f6 24. axb5 axb5 25. Ra7 Rd7 26. Ne3 Rfd8 27. Kf1 Bf8 28. Ke2 c5 29. bxc5 Bxc5 30. Rb7 c6 31. Rxd7 Rxd7 32. Nf5 Ra7 33. d4 exd4 34. cxd4 Bf8 35. Rc1 Ra6 36. Kd3 Ra3+ 37. Rc3 Rxc3+ 38. Kxc3 g6 39. Ne3 Kf7 40. f4 h5 41. f5 gxf5 42. Nxf5 Ke6 43. Ng3 c5 44. Nxh5 f5 45. Nf4+ Kd7 46. exf5 Bg7 47. Ne6 cxd4+ 48. Kd3 Bf6 49. Nxd4 1-0

[Event "La Roda op 47th"]
[Site "La Roda"]
[Date "2021.12.07"]
[Round "8"]
[White "Fernandez Garcia, Gumersindo"]
[Black "Cabezas Ayala, Ivan"]
[Result "1/2-1/2"]
[WhiteElo "2169"]
[BlackElo "2299"]
[PlyCount "61"]
[EventDate "2021.12.04"]
[EventType "swiss"]
[EventRounds "9"]
[EventCountry "ESP"]
[SourceTitle "CBM 205 Extra"]
[Source "ChessBase"]
[SourceDate "2022.01.31"]
[SourceVersion "1"]
[SourceVersionDate "2022.01.31"]
[SourceQuality "1"]

1. d4 Nf6 2. c4 g6 3. Nc3 Bg7 4. e4 d6 5. Bg5 0-0 6. Qd2 Nc6 7. Nge2 a6 8. f3 Rb8 9. d5 Na5 10. Nd4 c5 11. Nc2 Bd7 12. Bd3 b5 13. b3 bxc4 14. bxc4 Be8 15. 0-0 Nd7 16. Rab1 Rxb1 17. Rxb1 Ne5 18. Ne3 h6 19. Bh4 Nxd3 20. Qxd3 Bd7 21. Ncd1 Bd4 22. Kh1 Ba4 23. Nc2 Bg7 24. Nde3 Qc7 25. Be1 Ra8 26. Bc3 Bxc3 27. Qxc3 Bxc2 28. Nxc2 Ra7 29. h4 h5 30. Ne3 Rb7 31. Rxb7 1/2-1/2

[Event "Pontevedra op-A 6th"]
[Site "Pontevedra"]
[Date "2018.08.12"]
[Round "6"]
[White "Cabezas Ayala, Ivan"]
[Black "Starostits, Ilmars"]
[Result "1-0"]
[WhiteElo "2308"]
[BlackElo "2454"]
[PlyCount "71"]
[EventDate "2018.08.08"]
[EventType "swiss"]
[EventRounds "9"]
[EventCountry "ESP"]
[SourceTitle "CBM 186 Extra"]
[Source "ChessBase"]
[SourceDate "2018.08.24"]
[SourceVersion "1"]
[SourceVersionDate "2018.08.24"]
[SourceQuality "1"]

1. e4 Nc6 2. Nf3 d6 3. d4 Bg4 4. d5 Nb8 5. h3 Bxf3 6. Qxf3 Nf6 7. Nc3 g6 8. g3 Bg7 9. Bg2 c5 10. 0-0 0-0 11. Qe2 Qb6 12. Kh2 Nbd7 13. a4 Rab8 14. a5 Qa6 15. Nb5 b6 16. Bd2 c4 17. Nd4 b5 18. Nc6 Rbe8 19. Be3 e6 20. Qd2 exd5 21. exd5 c3 22. bxc3 Ne4 23. Bxe4 Rxe4 24. Bxa7 Ne5 25. Nxe5 Qxa7 26. Nc6 Qc5 27. a6 Bxc3 28. Qd3 f5 29. Rab1 b4 30. a7 Ree8 31. Qa6 f4 32. g4 h5 33. gxh5 f3 34. Qd3 gxh5 35. Rxb4 Re2 36. Rb8 1-0

[Event "La Roda op 45th"]
[Site "La Roda"]
[Date "2018.03.29"]
[Round "3"]
[White "Cabezas Ayala, Ivan"]
[Black "Ibarra Jerez, Jose Carlos"]
[Result "1/2-1/2"]
[WhiteElo "2297"]
[BlackElo "2569"]
[PlyCount "41"]
[EventDate "2018.03.28"]
[EventType "swiss"]
[EventRounds "9"]
[EventCountry "ESP"]
[SourceTitle "CBM 183 Extra"]
[Source "ChessBase"]
[SourceDate "2018.04.19"]
[SourceVersion "1"]
[SourceVersionDate "2018.04.19"]
[SourceQuality "1"]

1. e4 e6 2. d4 d5 3. Nc3 Nf6 4. e5 Nfd7 5. f4 c5 6. Nf3 Nc6 7. Be3 Be7 8. Qd2 0-0 9. Be2 b6 10. 0-0 f5 11. Nd1 cxd4 12. Nxd4 Nxd4 13. Bxd4 Nc5 14. Nf2 Bb7 15. Rad1 a5 16. Qe3 Qc7 17. Nd3 Ba6 18. Rc1 Rab8 19. g4 Ne4 20. Kh1 Bc5 21. c3 1/2-1/2

[Event "Pontevedra op 5th"]
[Site "Pontevedra"]
[Date "2017.08.13"]
[Round "8"]
[White "Petkov, Vladimir"]
[Black "Cabezas Ayala, Ivan"]
[Result "1-0"]
[WhiteElo "2498"]
[BlackElo "2300"]
[PlyCount "45"]
[EventDate "2017.08.08"]
[EventType "swiss"]
[EventRounds "9"]
[EventCountry "ESP"]
[SourceTitle "CBM 179 Extra"]
[Source "ChessBase"]
[SourceDate "2017.08.23"]
[SourceVersion "1"]
[SourceVersionDate "2017.08.23"]
[SourceQuality "1"]

1. d4 Nf6 2. c4 g6 3. Nc3 Bg7 4. e4 d6 5. Nf3 0-0 6. h3 e5 7. d5 a5 8. Be3 Na6 9. g4 Nd7 10. Rg1 Ndc5 11. h4 c6 12. h5 cxd5 13. cxd5 a4 14. Rc1 Bd7 15. Nd2 Qb8 16. Nb5 Rc8 17. a3 b6 18. Rc3 Rd8 19. Rh1 Be8 20. Qf3 Nc7 21. hxg6 hxg6 22. Nxc7 Qxc7 23. Bg5 1-0

[Event "Pontevedra op 5th"]
[Site "Pontevedra"]
[Date "2017.08.09"]
[Round "2"]
[White "Cabezas Ayala, Ivan"]
[Black "Oratovsky, Michael"]
[Result "0-1"]
[WhiteElo "2300"]
[BlackElo "2494"]
[PlyCount "106"]
[EventDate "2017.08.08"]
[EventType "swiss"]
[EventRounds "9"]
[EventCountry "ESP"]
[SourceTitle "CBM 179 Extra"]
[Source "ChessBase"]
[SourceDate "2017.08.23"]
[SourceVersion "1"]
[SourceVersionDate "2017.08.23"]
[SourceQuality "1"]

1. e4 c5 2. Nf3 e6 3. d4 cxd4 4. Nxd4 a6 5. Nc3 b5 6. Bd3 d6 7. 0-0 Nf6 8. a4 b4 9. Na2 e5 10. Nf3 Nc6 11. c3 bxc3 12. Nxc3 Be7 13. Bc4 0-0 14. Bg5 Be6 15. Bxe6 fxe6 16. Qb3 Qc8 17. Rac1 Rb8 18. Qd1 Qd7 19. Qd3 Nb4 20. Qd2 Qe8 21. Bxf6 Rxf6 22. Ne1 Qh5 23. Qd1 Qxd1 24. Rxd1 Rff8 25. Nf3 Nc6 26. Rd2 Rb4 27. Ne1 Rfb8 28. Nd3 Rd4 29. Rfd1 Bg5 30. Rc2 Rc4 31. Re2 Nd4 32. Ree1 Rb3 33. Kf1 Nc2 34. Re2 Nd4 35. Ree1 Bd8 36. f4 exf4 37. Nxf4 Rxb2 38. Nce2 Ba5 39. Rb1 Rxb1 40. Rxb1 Nxe2 41. Kxe2 Rxe4+ 42. Kf3 d5 43. Rb7 Bd2 44. Nh5 Bc3 45. a5 Bd4 46. Rb8+ Kf7 47. Ra8 g6 48. Ng3 Re3+ 49. Kg4 h5+ 50. Kg5 Re5+ 51. Kh4 Bf2 52. Rxa6 Re4+ 53. Kh3 g5 0-1

[Event "Krakow op-A 27th"]
[Site "Krakow"]
[Date "2016.12.28"]
[Round "2"]
[White "Sanz Wawer, Daniel"]
[Black "Cabezas Ayala, Ivan"]
[Result "1/2-1/2"]
[WhiteElo "2092"]
[BlackElo "2310"]
[PlyCount "82"]
[EventDate "2016.12.27"]
[EventType "swiss"]
[EventRounds "9"]
[EventCountry "POL"]
[SourceTitle "CBM 176 Extra"]
[Source "ChessBase"]
[SourceDate "2017.03.02"]
[SourceVersion "1"]
[SourceVersionDate "2017.03.02"]
[SourceQuality "1"]

1. d4 Nf6 2. c4 g6 3. f3 Bg7 4. e4 d6 5. Nc3 0-0 6. Nge2 c5 7. Be3 Nc6 8. d5 Ne5 9. Ng3 e6 10. Be2 exd5 11. cxd5 h5 12. 0-0 Nh7 13. Qd2 h4 14. Nh1 f5 15. Nf2 Bd7 16. Kh1 Qa5 17. exf5 Bxf5 18. Nfe4 Nf7 19. Bd3 Rae8 20. Rfe1 a6 21. a4 Qd8 22. Nf2 Ne5 23. Bxf5 Rxf5 24. Bh6 Nc4 25. Qc1 Bh8 26. Rxe8+ Qxe8 27. Nfe4 Qd8 28. b3 Ne5 29. Bd2 h3 30. Ng3 Rf7 31. f4 hxg2+ 32. Kxg2 Ng4 33. Qc2 Nf8 34. h3 Nh6 35. Nce4 Nf5 36. Nxf5 Rxf5 37. Ng3 Rf7 38. f5 Be5 39. Qe4 Qf6 40. fxg6 Qxg6 41. Qxg6+ Nxg6 1/2-1/2

[Event "Pontevedra op 4th"]
[Site "Pontevedra"]
[Date "2016.08.14"]
[Round "9"]
[White "Cabezas Ayala, Ivan"]
[Black "Manolache, Marius"]
[Result "1/2-1/2"]
[WhiteElo "2318"]
[BlackElo "2492"]
[PlyCount "139"]
[EventDate "2016.08.08"]
[EventType "swiss"]
[EventRounds "9"]
[EventCountry "ESP"]
[SourceTitle "CBM 173 Extra"]
[Source "ChessBase"]
[SourceDate "2016.08.29"]
[SourceVersion "1"]
[SourceVersionDate "2016.08.29"]
[SourceQuality "1"]

1. e4 d6 2. d4 Nf6 3. Nc3 g6 4. Nf3 c6 5. a4 Bg7 6. Be2 0-0 7. 0-0 a5 8. Re1 Na6 9. Bf1 Nb4 10. h3 e5 11. Be3 Re8 12. dxe5 dxe5 13. Qc1 Qc7 14. Bc4 b6 15. Ng5 Rf8 16. Rd1 h6 17. Nf3 Kh7 18. Rd2 Bb7 19. Qf1 Rad8 20. Rad1 Rxd2 21. Rxd2 Re8 22. Qd1 Bf8 23. Nh2 Bc8 24. Qe2 Bg7 25. Ng4 Ng8 26. Nh2 Nf6 27. Qf3 Be6 28. Bxe6 Rxe6 29. Qd1 Re7 30. Nf3 Nd7 31. Nh4 Nf8 32. Nb1 Ne6 33. Na3 Na6 34. c3 Nec5 35. Qc2 Rd7 36. Nf3 Rxd2 37. Nxd2 Qd8 38. Ndc4 f6 39. Kh2 Bf8 40. Kg1 Be7 41. Kh2 h5 42. Kg1 Bf8 43. Kh2 Kg7 44. Kg1 Be7 45. Kh2 Qc7 46. Kg1 Bd8 47. Kf1 Qd7 48. Bc1 b5 49. axb5 cxb5 50. Ne3 b4 51. cxb4 axb4 52. Nac4 Qd4 53. f3 b3 54. Qd1 Nb4 55. Qxd4 exd4 56. Nd5 Nbd3 57. Bd2 Na4 58. Nf4 Naxb2 59. Nxb2 Nxb2 60. Ne6+ Kg8 61. Nxd4 Nc4 62. Nxb3 Bb6 63. Ke2 Kf7 64. Nc1 Ke6 65. Nd3 g5 66. Bb4 f5 67. exf5+ Kxf5 68. g4+ Kg6 69. Bc5 Bc7 70. gxh5+ 1/2-1/2

[Event "Pontevedra op 4th"]
[Site "Pontevedra"]
[Date "2016.08.10"]
[Round "4"]
[White "Cabezas Ayala, Ivan"]
[Black "Roselli Mailhe, Bernardo"]
[Result "0-1"]
[WhiteElo "2318"]
[BlackElo "2442"]
[PlyCount "107"]
[EventDate "2016.08.08"]
[EventType "swiss"]
[EventRounds "9"]
[EventCountry "ESP"]
[SourceTitle "CBM 173 Extra"]
[Source "ChessBase"]
[SourceDate "2016.08.29"]
[SourceVersion "1"]
[SourceVersionDate "2016.08.29"]
[SourceQuality "1"]

1. e4 e6 2. d4 d5 3. Nc3 Bb4 4. e5 b6 5. a3 Bxc3+ 6. bxc3 Ne7 7. h4 Ba6 8. Bxa6 Nxa6 9. h5 h6 10. Qg4 Rg8 11. a4 Nb8 12. Rh3 Nbc6 13. Ne2 Qd7 14. Rf3 Na5 15. Kf1 Nc4 16. Kg1 Nf5 17. Qh3 c5 18. g4 Ne7 19. Kf1 Rf8 20. Rf4 0-0-0 21. Qd3 Nc6 22. Rb1 Qe7 23. Qg3 Kb7 24. Rf3 Ka8 25. Kg2 Rc8 26. Kh2 f6 27. exf6 Rxf6 28. Rxf6 Qxf6 29. dxc5 bxc5 30. Rb5 N6e5 31. f4 Nd7 32. Kh3 Nd6 33. Rb1 Ne4 34. Qg2 Nb6 35. a5 Nc4 36. a6 Rc6 37. Ra1 Nxc3 38. Ng3 Ne2 39. Ra4 Nxf4+ 40. Bxf4 Qxf4 41. Qe2 Rb6 42. Qd3 Qf6 43. Rxc4 dxc4 44. Qxc4 Qd4 45. Qf1 Qd6 46. Ne4 Qc6 47. Qf4 Rb4 48. Qf8+ Rb8 49. Qf4 Qxa6 50. Nxc5 Qc6 51. Nxe6 Rc8 52. Nd4 Qh1+ 53. Kg3 Qg1+ 54. Kf3 0-1

[Event "La Roda op 43rd"]
[Site "La Roda"]
[Date "2016.03.27"]
[Round "8"]
[White "Cabezas Ayala, Ivan"]
[Black "Perez Mitjans, Orelvis"]
[Result "0-1"]
[WhiteElo "2327"]
[BlackElo "2442"]
[PlyCount "40"]
[EventDate "2016.03.23"]
[EventType "swiss"]
[EventRounds "9"]
[EventCountry "ESP"]
[SourceTitle "CBM 171 Extra"]
[Source "ChessBase"]
[SourceDate "2016.04.26"]
[SourceVersion "1"]
[SourceVersionDate "2016.04.26"]
[SourceQuality "1"]

1. Nf3 c5 2. g3 Nc6 3. Bg2 Nf6 4. 0-0 d5 5. d3 e6 6. Nbd2 Be7 7. e4 0-0 8. Re1 b5 9. Nf1 b4 10. h4 a5 11. e5 Nd7 12. Bf4 a4 13. N1h2 Ba6 14. Ng5 h6 15. Qh5 Nd4 16. Ng4 hxg5 17. hxg5 g6 18. Qh3 Bxg5 19. Nf6+ Bxf6 20. exf6 Qxf6 0-1

[Event "La Roda op 43rd"]
[Site "La Roda"]
[Date "2016.03.25"]
[Round "4"]
[White "Cabezas Ayala, Ivan"]
[Black "Baklan, Vladimir"]
[Result "0-1"]
[WhiteElo "2327"]
[BlackElo "2617"]
[PlyCount "76"]
[EventDate "2016.03.23"]
[EventType "swiss"]
[EventRounds "9"]
[EventCountry "ESP"]
[SourceTitle "CBM 171 Extra"]
[Source "ChessBase"]
[SourceDate "2016.04.26"]
[SourceVersion "1"]
[SourceVersionDate "2016.04.26"]
[SourceQuality "1"]

1. Nf3 Nf6 2. g3 g6 3. Bg2 Bg7 4. 0-0 0-0 5. d3 d5 6. Nbd2 c5 7. e4 e6 8. Re1 Nc6 9. c3 a5 10. a4 b6 11. Nf1 d4 12. e5 Nd5 13. c4 Ndb4 14. h4 f6 15. N1h2 fxe5 16. Ng5 Ra7 17. Be4 Rf5 18. g4 Rf8 19. Ngf3 Ne7 20. Bg5 Bb7 21. Bxb7 Rxb7 22. Nxe5 Qc8 23. Nhf3 Nec6 24. Qd2 Qc7 25. Bf4 Nxe5 26. Bxe5 Bxe5 27. Nxe5 Nc6 28. Nxc6 Qxc6 29. Re4 Rbf7 30. Rae1 Qxa4 31. Rxe6 Qd7 32. R1e4 b5 33. Qg5 Rxf2 34. Qxc5 Qf7 35. Qxf8+ Qxf8 36. Re8 Rxb2 37. Rxf8+ Kxf8 38. Rxd4 b4 0-1

[Event "La Roda op 42nd"]
[Site "La Roda"]
[Date "2015.04.02"]
[Round "3"]
[White "Cabezas Ayala, Ivan"]
[Black "Roldan Marques, Daniel"]
[Result "0-1"]
[WhiteElo "2340"]
[BlackElo "2021"]
[PlyCount "132"]
[EventDate "2015.04.01"]
[EventType "swiss"]
[EventRounds "9"]
[EventCountry "ESP"]
[SourceTitle "CBM 165 Extra"]
[Source "ChessBase"]
[SourceDate "2015.04.21"]
[SourceVersion "1"]
[SourceVersionDate "2015.04.21"]
[SourceQuality "1"]

1. Nf3 d5 2. g3 Nf6 3. Bg2 e6 4. 0-0 b6 5. d3 Bb7 6. e4 dxe4 7. Nfd2 Nbd7 8. dxe4 Ne5 9. Qe2 Ng6 10. Nc3 Be7 11. b3 h5 12. h4 Ng4 13. Bb2 0-0 14. Kh1 Bxh4 15. Rad1 Bf6 16. f3 N4e5 17. f4 Ng4 18. e5 Bxg2+ 19. Kxg2 Be7 20. Nde4 Qc8 21. Rh1 Qb7 22. Qf3 Rab8 23. Rxh5 Nh6 24. Rhh1 Rfd8 25. Rxd8+ Bxd8 26. Nf2 Nf5 27. Qxb7 Rxb7 28. Rd1 Ne3+ 29. Kf3 Nxd1 30. Ncxd1 Be7 31. Ne4 Rb8 32. Ne3 Rd8 33. Ke2 Nf8 34. g4 Nd7 35. f5 Nc5 36. Nf2 Bg5 37. Nh3 Bxe3 38. Kxe3 exf5 39. gxf5 g6 40. fxg6 fxg6 41. Ng5 Re8 42. Kf3 Ne6 43. Ne4 Rd8 44. Ke2 Nd4+ 45. Bxd4 Rxd4 46. Ng5 Rd5 47. Nf3 Kf7 48. Ke3 Rd1 49. Ke4 c6 50. a4 a5 51. Ng5+ Ke7 52. Nf3 b5 53. Nd4 Rxd4+ 54. Kxd4 bxa4 55. bxa4 Ke6 56. Kc5 Kxe5 57. Kxc6 g5 58. c4 g4 59. c5 g3 60. Kb7 g2 61. c6 g1Q 62. c7 Qb1+ 63. Ka7 Qc2 64. Kb7 Kd6 65. c8Q Qxc8+ 66. Kxc8 Kc5 0-1